Statistics for Blooket Character Word Chain Game!

Click here to take the quiz!

General Stats

  • This quiz has been taken 177 times
  • The average score is 11 of 17

Answer Stats

HintAnswer% Correct
Sheep BlookSheep
94%
Walrus BlookWalrus
91%
Tiger BlookTiger
79%
Toast BlookToast
74%
Slime Monster BlookSlime Monster
73%
Rabbit BlookRabbit
73%
Goldfish BlookFish
71%
Owl BlookTawny Owl
68%
Goat BlookGoat
61%
Dog BlookDog
61%
Elf BlookElf
61%
Hamster BlookGerbil
58%
Hedgehog BlookHedgehog
56%
Baby Penguin Blook *_________ penguin*Little Penguin
44%
Queen BlookPrincess
34%
Jaguar BlookLeopard
33%
Anaconda BlookRattlesnake
22%

Score Distribution

Percentile by Number Answered

Percent of People with Each Score

Your Score History

You have not taken this quiz